01626nam a2200301 a 450000100100000000500170001000800410002702000180006804000250008608200190011111000330013024000180016324501650018126000630034630000270040950000260043659000260046265000630048865100450055165100410059691000380063795201310067595201310080695201310093795201170106895201220118599900170130700004323320201002040738.0140226s2013 dr ac r 000 0 spa d a9789945494075 aDO-SdBNPbspacBNPHU a341.759bR426L2 aRepública Dominicana.944710a[Leyes, etc.]10aLey número 61-13 que establece el régimen jurídico del voluntariado en la República Dominicana :bgaceta oficial número 10713 del 25 de abril de 2013. aSanto Domingo :bVicepresidencia de la República,c2013. a60 p. :bil. ;c23 cm. aEdición promocional aInventariado, 2018/BT 4aVoluntariadoxLegislaciónzRepública Dominicana970823 4aRepública DominicanaxLey 61-13970824 4aRepública DominicanaxLeyes916541 aValidado. Control de calidad. EMS 001054708DSaGRbGRcHDd2014-02-26iLF1l0o341.759 R426Lp43233-30r2020-06-25te.3w2020-06-25yLFDSZPréstamo en sala 001054708DSaGRbGRcHDd2015-01-13iLF1l0o341.759 R426Lp43233-40r2020-06-25te.4w2020-06-25yLFDSZPréstamo en sala 001054708DSaGRbGRcHDd2015-01-13iLF1l0o341.759 R426Lp43233-50r2020-06-25te.5w2020-06-25yLFDSZPréstamo en sala 0010718PDaPDbPDcHDd2014-02-26iLF1l0o341.759 R426Lp43233-10r2020-06-25w2020-06-25yLFPDZNo se presta 0010718PDaPDbPDcHDd2014-02-26iLF1l0o341.759 R426Lp43233-20r2020-06-25te.2w2020-06-25yLFPDZNo se presta c42722d42722